000 00497nam a2200145 a 4500
008 120416s1996 ||||||||||||||||| || u
020 _a0748723250
050 _aQA 76.55 Par
100 _aKeane, J. A
245 1 0 _aParallel information processing
246 _aJ. A. Keane
260 _aCheltenham
_bStanley Thornes
_c1996
350 _a0.00
995 _D0.00
_FCBU-MAIN LIBRARY (Kitwe)
_H1
_I0.00
_M1
_ULOST
_ZMain Library Open Access Collection
999 _c53111
_d53111